Catálogo público

Report of the lake victoria fisheries organization and FAO regional stakeholders<U+2019> workshop on fishing effort and capacity on lake victoria (Record no. 102527)

MARC details
000 -CABECERA
campo de control de longitud fija 00655nam a22002057a 4500
005 - FECHA Y HORA DE LA ÚLTIMA TRANSACCIÓN
campo de control 20220817044509.0
008 - DATOS DE LONGITUD FIJA--INFORMACIÓN GENERAL
campo de control de longitud fija 111110s2011 it a r 00110 eng d
010 ## - NÚMERO DE CONTROL DE LA BIBLIOTECA DEL CONGRESO
Número de control de LC 102527
011 ## - ENLACE DEL NUMERO DE CONTROL DE LA BIBLIOTECA DEL CONGRESO [OBSOLETO]
Número de control de LC 103499
020 ## - NÚMERO INTERNACIONAL ESTÁNDAR DEL LIBRO
Número Internacional Estándar del Libro 9789251068786
035 ## - NÚMERO DE CONTROL DEL SISTEMA
Número de control de sistema 114188
082 04 - NÚMERO DE LA CLASIFICACIÓN DECIMAL DEWEY
Número de clasificación 582.01662
Número de documento/Ítem F21y
110 2# - ENTRADA PRINCIPAL--NOMBRE DE ENTIDAD CORPORATIVA
Nombre de entidad corporativa o nombre de jurisdicción como elemento de entrada FAO
245 10 - MENCIÓN DE TÍTULO
Título Report of the lake victoria fisheries organization and FAO regional stakeholders<U+2019> workshop on fishing effort and capacity on lake victoria
Mención de responsabilidad, etc. /por FAO
260 ## - PUBLICACIÓN, DISTRIBUCIÓN, ETC.
Lugar de publicación, distribución, etc. Rome :
Nombre del editor, distribuidor, etc. FAO,
Fecha de publicación, distribución, etc. 2008
300 ## - DESCRIPCIÓN FÍSICA
Extensión v, 58 p.
500 ## - NOTA GENERAL
Nota general Mukono, Republic of Uganda, 8 November 2006
590 ## - NOTA LOCAL (RLIN)
Nota local CONVERSION
Procedencia (VM) [OBSOLETO] 10
Condición del los carretes individuales (VM) [OBSOLETO] 20130109
-- UCH01
-- 1356
901 ## - ELEMENTOS DE DATOS A LOCAL LDA (RLIN)
a BK

No items available.